Development of a video production through spoofing of a dramatic film / (Record no. 293889)
[ view plain ]
| 000 -LEADER | |
|---|---|
| fixed length control field | 00699nam a2200217Ia 4500 |
| 008 - FIXED-LENGTH DATA ELEMENTS--GENERAL INFORMATION | |
| fixed length control field | 160517s9999 xx 000 0 und d |
| 050 ## - LIBRARY OF CONGRESS CALL NUMBER | |
| Classification number | TK 6655 |
| 050 ## - LIBRARY OF CONGRESS CALL NUMBER | |
| Item number | .B352 2016 |
| 100 ## - MAIN ENTRY--PERSONAL NAME | |
| Personal name | Bautista, Colleen Marie F. |
| 245 ## - TITLE STATEMENT | |
| Title | Development of a video production through spoofing of a dramatic film / |
| 245 ## - TITLE STATEMENT | |
| Statement of responsibility, etc | Colleen Marie F. Baustista, Ma. Laura S, Dominguez, Ma. Diniela Marie F. Molina, Gabriel Crisnand F. Manalo. |
| 260 ## - PUBLICATION, DISTRIBUTION, ETC. (IMPRINT) | |
| Place of publication, distribution, etc | Las Piñas, Philippines : |
| 260 ## - PUBLICATION, DISTRIBUTION, ETC. (IMPRINT) | |
| Name of publisher, distributor, etc | SISC, |
| 260 ## - PUBLICATION, DISTRIBUTION, ETC. (IMPRINT) | |
| Date of publication, distribution, etc | 2016. |
| 300 ## - PHYSICAL DESCRIPTION | |
| Extent | 97 pages : |
| 300 ## - PHYSICAL DESCRIPTION | |
| Other physical details | illustrations ; |
| 300 ## - PHYSICAL DESCRIPTION | |
| Dimensions | 28 cm. |
| 500 ## - GENERAL NOTE | |
| General note | Includes bibliographical references and appendices. |
| 521 ## - TARGET AUDIENCE NOTE | |
| Target audience note | Media Arts |
| 942 ## - ADDED ENTRY ELEMENTS (KOHA) | |
| Koha item type | Theses |
| Withdrawn status | Lost status | Damaged status | Home library | Current library | Shelving location | Date acquired | Total Checkouts | Full call number | Barcode | Date last seen | Price effective from | Koha item type |
|---|---|---|---|---|---|---|---|---|---|---|---|---|
| College Library | College Library | 05/17/2016 | TK 6655 .B352 2016 | T0884 | 05/15/2018 | 05/17/2016 | Theses |